01197nmm a2200265 a 4500999001500000003000400015005001700019008003900036017002200075020001500097040003000112080001700142080001200159080001700171111008800188245023400276260010900510300003700619490003100656650004100687700003100728710004900759942001300808952011000821 c7621d7621OSt20211228104302.0200425s2004 sp d d 1|| c|spa aD.L. C. 2863-2004 a8497503937 aUMA.CIN. dBUSbcatcCDMR a070:004(063) a070.489 a004:070(063)2 aCongreso Iberoamericano de Xornalismo Dixital (d2004 :cSantiago de Compostel·la)10aCara a novos espazos ciberxornalísticosh[Recurs electrònic]: bactas do Congreso Iberoamericano de Xornalismo Dixital, Santiago de Compostela, 29-30 de novembro de 2004 / cedición a cargo de María Luisa Otero...[et al.] aSantiago de Compostela : bUniversidade, Servizo de Publicacións e Intercambio Científico, c[2005?] a1 disc òptic (CD-ROM); c12 cm0 aCursos e Congresos ; v15400aPeriodisme digital93076xCongressos aOtero, María Luisa948132 aUniversidade de Santiago de Compostela93681 2udccADV 00104070aCDMRbCDMRd2021-12-28eDonaciól0oCapsa CD's 8pCDMR21120152r2021-12-28w2021-12-28yADV